Каркасные поверхности зависимых сечений; Молодежь и современные информационные технологии; Т. 2

Podrobná bibliografie
Parent link:Молодежь и современные информационные технологии: сборник трудов XIV Международной научно-практической конференции студентов, аспирантов и молодых ученых, г. Томск, 7-11 ноября 2016 г./ Национальный исследовательский Томский политехнический университет (ТПУ), Институт кибернетики (ИК) ; под ред. В. С. Аврамчук [и др.].— , 2016
Т. 2.— 2016.— [С. 215-216]
Hlavní autor: Долотов А. Е. Александр Евгеньевич
Korporativní autor: Национальный исследовательский Томский политехнический университет (ТПУ) Институт кибернетики (ИК) Кафедра инженерной графики и промышленного дизайна (ИГПД)
Další autoři: Шмакова Э. C., Долотова Р. Г. Раиса Григорьевна
Shrnutí:Заглавие с титульного экрана
Jazyk:ruština
Vydáno: 2016
Edice:Компьютерная графика и дизайн
Témata:
On-line přístup:http://earchive.tpu.ru/handle/11683/37197
Médium: MixedMaterials Elektronický zdroj Kapitola
KOHA link:https://koha.lib.tpu.ru/cgi-bin/koha/opac-detail.pl?biblionumber=622316

MARC

LEADER 00000naa2a2200000 4500
001 622316
005 20240209114645.0
035 |a (RuTPU)RU\TPU\conf\20995 
035 |a RU\TPU\conf\20993 
090 |a 622316 
100 |a 20170215d2016 k y0rusy50 ca 
101 0 |a rus 
102 |a RU 
105 |a y z 101zy 
135 |a drcn ---uucaa 
181 0 |a i  
182 0 |a b 
200 1 |a Каркасные поверхности зависимых сечений  |f А. Е. Долотов, Э. C. Шмакова, Р. Г. Долотова 
203 |a Текст  |c электронный 
225 1 |a Компьютерная графика и дизайн 
300 |a Заглавие с титульного экрана 
320 |a [Библиогр.: с. 216 (4 назв.)] 
461 1 |0 (RuTPU)RU\TPU\conf\20573  |t Молодежь и современные информационные технологии  |o сборник трудов XIV Международной научно-практической конференции студентов, аспирантов и молодых ученых, г. Томск, 7-11 ноября 2016 г.  |o в 2 т.  |f Национальный исследовательский Томский политехнический университет (ТПУ), Институт кибернетики (ИК) ; под ред. В. С. Аврамчук [и др.]  |d 2016 
463 0 |0 (RuTPU)RU\TPU\conf\20575  |t Т. 2  |v [С. 215-216]  |d 2016 
610 1 |a электронный ресурс 
610 1 |a труды учёных ТПУ 
610 1 |a каркасные поверхности 
610 1 |a сечения 
610 1 |a дифференциальная геометрия 
610 1 |a кривые поверхности 
700 1 |a Долотов  |b А. Е.  |c ассистент Томского политехнического университета  |c специалист в области инженерной графики и начертательной геометрии  |f 1985-  |g Александр Евгеньевич  |3 (RuTPU)RU\TPU\pers\25513 
701 1 |a Шмакова  |b Э. C. 
701 1 |a Долотова  |b Р. Г.  |c специалист в области инженерной графики и начертательной геометрии  |c доцент Томского политехнического университета, кандидат технических наук  |f 1963-  |g Раиса Григорьевна  |3 (RuTPU)RU\TPU\pers\27881  |9 12897 
712 0 2 |a Национальный исследовательский Томский политехнический университет (ТПУ)  |b Институт кибернетики (ИК)  |b Кафедра инженерной графики и промышленного дизайна (ИГПД)  |3 (RuTPU)RU\TPU\col\18737 
801 2 |a RU  |b 63413507  |c 20170217  |g RCR 
856 4 |u http://earchive.tpu.ru/handle/11683/37197 
942 |c BK